00615nam a2200181Ia 4500003000400000008004100004040001600045082001900061100002300080245004000103260004300143300000700186650001500193942001200208999001700220952009800237952009800335GCL140319s9999    xx            000 0 eng d  aGCL / cGCL04aCHb028.5bL B1 aLIBRAIRIE DU LIBAN10aCENSAND SEAR / cLIBRAIRIE DU LIBAN  a[S.N] : bLIBRAIRIE DU LIBAN ، c1991  a3204aLITERATURE  2ddccBK  c17367d17367  00104070aCAIbCAId2014-03-26l0oCH\028.5\L Bp31425r2014-03-26 00:00:00w2014-03-26yBK  00104070aCAIbCAId2014-03-26l0oCH\028.5\L Bp31426r2014-03-26 00:00:00w2014-03-26yBK